Normal view
MARC view
- Cervantes Saavedra, Miguel de,
Entry Nombre Personal
001 - NUMERO DE CONTROL
- campo de control: 9629
003 - IDENTIFICADOR DE NUMERO DE CONTROL
- campo de control: UPN
005 - FECHA Y HORA DE LA ÜLTIMA TRANSACCIÓN
- campo de control: 20220909161800.0
008 - DATOS DE LONGITUD FIJA
- campo de control de longitud fija: 220909nn fcznnbaba a a|a |d
035 ## - NUMERO DE CONTROL
- Número de control: UPN10000009635
040 ## - FUENTE DE CATALOGACIÓN
- Lenguaje de catalogación: spa
- Agencia original de catalogación: MX-MxUPN
053 #4 - NÚMERO DE CLASIFICACIÓN LC
- Número de clasificación elemento-número único o número inicial de tramo: PQ6353
100 1# - ENCABEZAMIENTO - NOMBRE PERSONAL
- Nombre personal: Cervantes Saavedra, Miguel de,
- Fechas asociadas con el nombre: 1547-1616
- Subdivisión temática general : Crítica e interpretación
670 ## - FUENTE EN LA QUE SE LOCALIZARON DATOS
- Cita de la fuente: E/P
902 ## - CATALOGADOR
- Catalogador: LG/010197
